Mobilný svet žije v Barcelone MWC 2009

Bibliographic Details
Main Authors: Orgonáš, Jozef (Author), Orviská, Miroslava (Author)
Format: Article
Language:Slovak
PhysicalDescription:Fotogr.
ISSN:1336-5754
Subjects:

MARC

LEADER 00000nab a2200000 ar4500
001 vtls009492952
003 SK-MaSNL
005 20260303175151.0
008 090417c2009 xo |||||||||||000 b|slo
015 |a SNBRB2009/04  |2 snkbucl 
038 |a SNKBUCL 
040 |a SNKBUCL  |b slo  |c SNKBUCL  |e AACR2 
041 0 |a slo 
044 |a xo  |c SK 
080 |a 621.395.721.5  |2 2001 
080 |a 621.39-026.26  |2 2001 
080 |a 621.39-182.3  |2 2001 
100 1 |a Orgonáš, Jozef  |4 aut  |9 197663 
245 1 0 |a Mobilný svet žije v Barcelone  |b MWC 2009  |c Jozef Orgonáš, Miroslava Orviská 
300 |b Fotogr. 
611 2 7 |a Mobile World Congress  |d (2009 :  |c Barcelona, Španielsko)  |2 snkbucl  |9 1203448 
650 0 7 |a mobilné technológie  |2 snkbucl  |9 1050988 
650 0 7 |a mobilné telefóny  |2 snkbucl  |9 20365 
655 7 |a reportáže  |2 snkbucl  |9 28856 
700 1 |a Orviská, Miroslava  |4 aut  |9 1034539 
773 0 |t DiGi revue  |g Roč. 5, č. 3 (2009), s. 8-9  |x 1336-5754 
852 |a SNK  |b KIS3GCP 
999 |c 2100539  |d 2102469